MARC details
| 000 -LEADER |
| fixed length control field |
01849nam a2200373 i 4500 |
| 003 - CONTROL NUMBER IDENTIFIER |
| control field |
CSPC |
| 005 - DATE AND TIME OF LATEST TRANSACTION |
| control field |
20260128094126.0 |
| 008 - FIXED-LENGTH DATA ELEMENTS--GENERAL INFORMATION |
| fixed length control field |
260128c2023 ph r p i 00 0 eng d |
| 022 ## - INTERNATIONAL STANDARD SERIAL NUMBER |
| International Standard Serial Number |
1908-3297 |
| 022 ## - INTERNATIONAL STANDARD SERIAL NUMBER |
| International Standard Serial Number |
2508-0830 |
| 040 ## - CATALOGING SOURCE |
| Original cataloging agency |
CSPC |
| Language of cataloging |
eng |
| Transcribing agency |
CSPC |
| Description conventions |
rda |
| 245 00 - TITLE STATEMENT |
| Title |
Reassessing the impact of the pantawid pamilyang pilipino program: results of the third wave impact evaluation. |
| 264 #1 - PRODUCTION, PUBLICATION, DISTRIBUTION, MANUFACTURE, AND COPYRIGHT NOTICE |
| Place of production, publication, distribution, manufacture |
Quezon, City : |
| Name of producer, publisher, distributor, manufacturer |
Philippine Institute for Development Studies, |
| Date of production, publication, distribution, manufacture, or copyright notice |
2023. |
| 300 ## - PHYSICAL DESCRIPTION |
| Extent |
volumes : |
| Other physical details |
illustrations ; |
| Dimensions |
23 cm. |
| 336 ## - CONTENT TYPE |
| Source |
rdacontent |
| Content type term |
text |
| 337 ## - MEDIA TYPE |
| Source |
rdamedia |
| Media type term |
unmediated |
| 338 ## - CARRIER TYPE |
| Source |
rdacarrier |
| Carrier type term |
volumes |
| 362 ## - DATES OF PUBLICATION AND/OR SEQUENTIAL DESIGNATION |
| Dates of publication and/or sequential designation |
2023 |
| 490 #1 - SERIES STATEMENT |
| Series statement |
Research paper series no. 2023-06. |
| 504 ## - BIBLIOGRAPHY, ETC. NOTE |
| Bibliography, etc. note |
Includes bibliographical references |
| 505 ## - FORMATTED CONTENTS NOTE |
| Formatted contents note |
Background -- Previous impact evaluation studies -- Research questions and objectives -- About the program -- Program overview -- Program implementation -- Program modifications -- Analytical framework -- Program theory of change (TOC) -- Hypotheses -- Methodology -- Regression discontinuity design -- Data source and sampling -- Results -- Impact of health -- Impact of education -- Impact of household welfare -- Impact of other sociobehavioral outcomes -- Discussion -- Summary -- Recommendations -- References -- Appendices -- The authors. |
| 650 #1 - SUBJECT ADDED ENTRY--TOPICAL TERM |
| Topical term or geographic name entry element |
Impact assessment |
| Form subdivision |
Periodicals. |
| 650 #1 - SUBJECT ADDED ENTRY--TOPICAL TERM |
| Topical term or geographic name entry element |
4ps |
| 650 #1 - SUBJECT ADDED ENTRY--TOPICAL TERM |
| Topical term or geographic name entry element |
Cash transfer |
| 650 #1 - SUBJECT ADDED ENTRY--TOPICAL TERM |
| Topical term or geographic name entry element |
Pantawid pamilya |
| 650 #1 - SUBJECT ADDED ENTRY--TOPICAL TERM |
| Topical term or geographic name entry element |
Regression Discontinuity |
| 650 #1 - SUBJECT ADDED ENTRY--TOPICAL TERM |
| Topical term or geographic name entry element |
human capital |
| 650 #1 - SUBJECT ADDED ENTRY--TOPICAL TERM |
| Topical term or geographic name entry element |
impact evaluation |
| 700 #1 - ADDED ENTRY--PERSONAL NAME |
| Personal name |
Orbeta,, Aniceto C. Jr., |
| Relator term |
editors. |
| 700 #1 - ADDED ENTRY--PERSONAL NAME |
| Personal name |
Melad, Kriss Ann M., |
| Relator term |
editors. |
| 700 #1 - ADDED ENTRY--PERSONAL NAME |
| Personal name |
Araos, Nina Victoria V., |
| Relator term |
editors. |
| 942 ## - ADDED ENTRY ELEMENTS (KOHA) |
| Source of classification or shelving scheme |
Dewey Decimal Classification |
| Suppress in OPAC |
No |
| Koha item type |
Serials |
| Item part |
R235 |
| Call number prefix |
SER |
| Call number suffix |
2023 |